| 000 | 00772nam a2200229 a 4500 | ||
|---|---|---|---|
| 001 | 000024446 | ||
| 005 | 20200930023158.0 | ||
| 008 | 110127s1963 pr a r 000 p spa d | ||
| 040 |
_aDO-SdBNP _bspa _cBNPHU |
||
| 082 |
_aPR861.3 _bD259l, 1963 |
||
| 100 | 1 |
_aDávila, Virgilio, _d1869-1943 _940808 |
|
| 245 | 1 | 0 |
_aUn libro para mis nietos / _cVirgilio Dávila. |
| 250 | _a2a ed. | ||
| 260 |
_aSan Juan, Puerto Rico : _bEditorial Cordillera, _c1963. |
||
| 300 |
_a126 p. : _bil. ; _c20 cm. |
||
| 490 | 1 | _aLos Grandes Escritores de Puerto Rico. | |
| 500 | _aIncluye nota crítica Cesáreo Rosa-Nieves. | ||
| 650 | 4 |
_aPoesía puertorriqueña _91015 |
|
| 650 | 4 |
_aLiteratura puertorriqueña _9250 |
|
| 830 | 4 |
_aLos Grandes Escritores de Puerto Rico. _94237 |
|
| 049 | _aBNGR | ||
| 999 |
_c23939 _d23939 |
||